España y el sacro imperio romano germánico : (Record no. 6598)
[ view plain ]
| 000 -CABECERA | |
|---|---|
| campo de control de longitud fija | 00941cam a2200253 a 4500 |
| 001 - NÚMERO DE CONTROL | |
| campo de control | 000006810 |
| 005 - FECHA Y HORA DE LA ÚLTIMA TRANSACCIÓN | |
| campo de control | 20200929154011.0 |
| 008 - DATOS DE LONGITUD FIJA--INFORMACIÓN GENERAL | |
| campo de control de longitud fija | 820610s1967 sp ab 001 0 spa d |
| 040 ## - FUENTE DE LA CATALOGACIÓN | |
| Centro catalogador/agencia de origen | DO-SdBNP |
| Centro/agencia transcriptor | CarP |
| Centro/agencia modificador | DLC |
| -- | BNPHU |
| 043 ## - CÓDIGO DE ÁREA GEOGRÁFICA | |
| Código de área geográfica | e-sp--- |
| 082 ## - NÚMERO DE LA CLASIFICACIÓN DECIMAL DEWEY | |
| Número de clasificación | NNNN |
| Número de documento/Ítem | B425e |
| 049 ## - FONDOS LOCALES (OCLC) | |
| Fondos de biblioteca | BNGR |
| 100 1# - ENTRADA PRINCIPAL--NOMBRE DE PERSONA | |
| Nombre de persona | Beladiez, Emilio, |
| 9 (RLIN) | 6831 |
| 245 10 - MENCIÓN DE TÍTULO | |
| Título | España y el sacro imperio romano germánico : |
| Resto del título | wallenstein (1583-1634) / |
| Mención de responsabilidad, etc. | Emilio Beladiez ; prólogo de Marqués de lozoya. |
| 260 ## - PUBLICACIÓN, DISTRIBUCIÓN, ETC. | |
| Lugar de publicación, distribución, etc. | Madrid : |
| Nombre del editor, distribuidor, etc. | Prensa Española, |
| Fecha de publicación, distribución, etc. | 1967. |
| 300 ## - DESCRIPCIÓN FÍSICA | |
| Extensión | 397 p. : |
| Otras características físicas | ill., mapas ; |
| Dimensiones | 22 cm. |
| 490 1# - MENCIÓN DE SERIE | |
| Mención de serie | Los tres dados |
| 600 10 - PUNTO DE ACCESO ADICIONAL DE MATERIA--NOMBRE DE PERSONA | |
| Nombre de persona | Wallenstein, Albrecht Wenzel Eusebius von, |
| Títulos y otros términos asociados al nombre | Herzog von Friedland, 1583-1634. |
| 9 (RLIN) | 18936 |
| 651 #0 - PUNTO DE ACCESO ADICIONAL DE MATERIA--NOMBRE GEOGRÁFICO | |
| Nombre geográfico | Spain |
| Subdivisión general | History |
| Subdivisión cronológica | House of Austria, 1516-1700. |
| 9 (RLIN) | 18937 |
| 651 #0 - PUNTO DE ACCESO ADICIONAL DE MATERIA--NOMBRE GEOGRÁFICO | |
| Nombre geográfico | Holy Roman Empire |
| Subdivisión general | History |
| Subdivisión cronológica | 1517-1648. |
| 9 (RLIN) | 18938 |
| 700 1# - PUNTO DE ACCESO ADICIONAL--NOMBRE DE PERSONA | |
| Nombre de persona | Marqués de lozoya, |
| Término indicativo de función/relación | pról. |
| 9 (RLIN) | 18939 |
| 830 #4 - PUNTO DE ACCESO ADICIONAL DE SERIE-TÍTULO UNIFORME | |
| Título uniforme | Los tres dados |
| 9 (RLIN) | 6832 |
| 910 ## - DATOS DE OPCIÓN DEL USUARIO (OCLC) | |
| Datos de opción del usuario | Catalogación derivada |
| Estado de retiro | Estado de pérdida | Restricciones de uso | No para préstamo | Código de colección | Localización permanente | Ubicación/localización actual | Ubicación en estantería | Fecha de adquisición | Número de inventario | Total de préstamos | Signatura topográfica completa | Código de barras | Fecha visto por última vez | Número de copia | Precio válido a partir de | Tipo de ítem Koha |
|---|---|---|---|---|---|---|---|---|---|---|---|---|---|---|---|---|
| Préstamo restringido | Préstamo restrigido | Monografías: Libros y Folletos | General | General | En catalogación | 02.09.2009 | LF1 | NNNN B425e | 6810-10 | 25.06.2020 | e. 1 | 25.06.2020 | Préstamo interno |
